| 000 | 00345nam a2200145Ia 4500 | ||
|---|---|---|---|
| 008 | 150201s2012 xx 000 0 und d | ||
| 082 |
_a611 _bE12K |
||
| 100 | _aKOTHARI, MANU L. | ||
| 245 | _aESSENTIAL OF HUMAN GENETICS | ||
| 250 | _a5TH | ||
| 260 |
_bUNIVERSITIES PRESS _aINDIA _c2012 |
||
| 300 | _a488 | ||
| 650 | _aANATOMY | ||
| 942 |
_2ddc _cBK |
||
| 999 |
_c2153 _d2153 |
||